Central Library OPAC University of Rajshahi

The "New inflation" and monetary policy : proceedings of a conference / (Record no. 3745)

MARC details
000 -LEADER
fixed length control field 00592nam a22002057a 4500
001 - CONTROL NUMBER
control field 3745
003 - CONTROL NUMBER IDENTIFIER
rucl marc code BD-RjUL
005 - DATE AND TIME OF LATEST TRANSACTION
control field 20211208233758.0
008 - FIXED-LENGTH DATA ELEMENTS--GENERAL INFORMATION
fixed length control field 131221s1976 enk||||| |||| 00| 0 eng d
035 ## - SYSTEM CONTROL NUMBER
System control number (BD-RjUL)3779
040 ## - CATALOGING SOURCE
Original cataloging agency BD-RjUL
Language of cataloging eng
Transcribing agency BD-RjUL
Modifying agency BD-RjUL
041 ## - LANGUAGE CODE
Language code of text/sound track or separate title eng
082 ## - DEWEY DECIMAL CLASSIFICATION NUMBER
Classification number 332.414082
Author mark and year NEW
100 ## - MAIN ENTRY--PERSONAL NAME
Personal name Mario Monti
9 (RLIN) 11893
245 ## - TITLE STATEMENT
Title The "New inflation" and monetary policy : proceedings of a conference /
260 ## - PUBLICATION, DISTRIBUTION, ETC. (IMPRINT)
Place of publication, distribution, etc. New York :
Name of publisher, distributor, etc. Holmes & Meier Publishers,
Date of publication, distribution, etc. 1976
300 ## - PHYSICAL DESCRIPTION
Pagination xvii, 307 p. :
Illustrations ;
Size 23 cm.
700 ## - ADDED ENTRY--PERSONAL NAME
Personal name Monti Mario
942 ## - ADDED ENTRY ELEMENTS (KOHA)
Source of classification or shelving scheme Dewey Decimal Classification
Koha item type Books
Holdings
Lost status Source of classification or shelving scheme Damaged status Not for loan Collection code Permanent Location Current Location Shelving location Date acquired Source of acquisition Cost, normal purchase price Total Checkouts Full call number Date last seen Copy number Koha item type
  Dewey Decimal Classification     Non-fiction Central Library, University of Rajshahi Central Library, University of Rajshahi   17/10/1978 Herazsons Limited 10.00   332.414082 NEW 1976 21/12/2013 C-2 Books
  Dewey Decimal Classification     Non-fiction Central Library, University of Rajshahi Central Library, University of Rajshahi   17/10/1978 Heffer, London 10.00   332.414082 NEW 1976 26/06/2016 C-3 Books